000 00786nam a2200277Ia 4500
003 OSt
005 20221006142401.0
006 a|||||r|||| 00| 0
007 ta
008 221006b |||||||| |||| 00| 0 eng d
020 _a0860081478
_c¥1500
024 _a6,238
037 _bGift, Japan Foundation
_cTextual
040 _aEASL
_cEASL
_beng
041 _2eng
_aeng
082 _aO42,2Nx, IIIL5
100 _aABE Kobo
_915309
245 0 _aMan who truned into a stick
260 _aTokyo
_bUniversity of Tokyo Press Japan
_c1975
300 _a84p.
_ccm.
490 _v JEL
650 _aJEL
700 _a KEENE Donald Tr.
_9647577
942 _hO42,2Nx, IIIL5
_cTEXL
_2CC
999 _c1074324
_d1074324